Responses for Show #1568 - Wednesday, May 29, 1991

Game entered from audiorecording. Missing prizes.

Contestants

[<< previous game]

Beth Elliott, a writer and computer specialist from Oakland, California

Marc Remling, a paralegal originally from Syracuse, New York

Michael Vaughn, a mortgage banker from Jersey City, New Jersey (whose 1-day cash winnings total $15,201)

[next game >>]

Jeopardy! Round responses

THE OLD WEST
SANDWICHES
ANATOMY
1990s TV
ECONOMICS
NOT SO FAMOUS QUOTES
    $100 1
Bat Masterson

Michael
    $100 16
Dagwood (Bumstead)

Beth
    $100 3
temples

Beth
    $100 14
Jake and the Fatman

Marc
    $100 9
Karl Marx

Marc
    $100 8
war

Marc
    $200 2
the Sioux

Beth
    $200 17
pita

Marc
    $200 4
ankles

Beth
    $200 15
(Michael: What is, uh, uh, uh... district attorney?)
...
(Alex: She works for the public defender's office.)

an attorney

MichaelBeth
    $200 10
an assessor

Marc
    $200 12
Napoleon

Marc
    $300 19
(Beth: What's Sacramento?)

Sutter's Mill

Beth
Triple Stumper
    $500 18
a hamburger

Marc
    $300 5
the alimentary canal

Beth
    $300 24
(Alex: We have a minute to go.)

Uncle Buck

Beth
    $300 11
Dun & Bradstreet

Beth
    $300 25
life

Beth
    $400 20
(Marc: What is a Cub Scout?)

a tenderfoot

MichaelMarc
    $400 22
a Reuben

Beth
    $400 6
(Marc: What is the retina?)

the cornea

MarcBeth
    $400 13
a franchise

Beth
    $400 26
(Michael: What is a tree?)
[Laughter]

a door

Michael
Triple Stumper
    $500 21
a maverick

Beth
    $500 23
watercress

Marc
    $500 7
the cartilage

Triple Stumper
    $500 28
[The end-of-round signal sounds.]

redlining

Beth
    $500 27
(Beth: What is Greece?)
(Marc: What is France?)
(Michael: What is Switzerland?)
...
(Alex: No harm, no foul on this one; each of you lost the same amount...)

Italy

MichaelMarcBeth
Triple Stumper

Scores at the first commercial break (after clue 15):

Michael Marc Beth
-$100 $300 $2,100

Scores at the end of the Jeopardy! Round:

Michael Marc Beth
-$600 $600 $3,400

Double Jeopardy! Round responses

FILE UNDER "Z"
SPAIN
OPERETTAS
HISTORY
PHOTOGRAPHY
NAME THE AUTHOR
    $200 1
zippers

Michael
    $200 6
New Year's

Marc
    $200 26
Prince

Marc
    $200 13
Hapsburg

Michael
    $200 15
Kodak

Michael
    $200 8
Stanley

Michael
    $400 2
a zoo

Michael
    $400 7
a bullfighter

Beth
    $400 27
The Mikado

Beth
    $400 14
Athens

Beth
    $400 16
a negative

Marc
    $400 9
(Joe) Wambaugh

Michael
    $600 3
Zanesville

Michael
    $600 22
hors d'oeuvres (appetizers)

Michael
    $600 28
Orpheus

Beth
    $600 17
William of Orange

Michael
    $600 23
a flash bulb (flash)

Michael
    $600 10
(Michael: Who is Truman?)
(Alex: Be more specific.)

Margaret Truman

Michael
    $800 4
(Marc: Who is Zigfeld?)
(Michael: Who is, uh, Zanuck?)

Adolph Zukor

MichaelMarc
Triple Stumper
    $1,000 20
El Cid

Marc
    $2,000 29
(Beth: What is [*]?)
(Alex: "At last I found you", yes indeed.)
[Beth says "I found you" along with Alex.]

"Ah, Sweet Mystery Of Life"

Beth
    $800 18
Rome

Michael
    $800 24
overexposed

Marc
    $800 11
Judith Krantz

Triple Stumper
    $1000 5
(Marc: What is Zion?)

a ziggurat

MichaelMarc
    $1000 21
the Costa Brava

Marc
    $1000 30
Rose-Marie

Marc
    $1000 19
Normandy

Marc
    $1000 25
Ansel Adams

Beth
    $1000 12
Danielle Steel

Triple Stumper

Scores at the end of the Double Jeopardy! Round:

Michael Marc Beth
$5,000 $4,400 $8,200

[wagering suggestions for these scores]

Final Jeopardy! Round responses

U.S. PRESIDENTS
(Alex: I suppose in looking at this clue you have to wonder what happened to the 51st and 52nd; that would be a very important bit of information for you.)
...
(Alex: [To Michael] The president who had an interrupted term, if you will.)
MarcWho is Ronald Reagan?
$2,100
MichaelWho was Grover Cleveland?
$4,500
BethWho was Grover Cleveland?
$1,900
Grover Cleveland

Final scores:

Michael Marc Beth
$9,500 $2,300 $10,100
2nd place 3rd place New champion: $10,100

Game dynamics:

Coryat scores:

Michael Marc Beth
$5,000 $4,000 $7,000
15 R,
4 W
16 R
(including 2 DDs),
5 W
20 R
(including 1 DD),
2 W

Combined Coryat: $16,000

[game clues] [game scores] [suggest correction]

Game tape date: 1991-02-26
The J! Archive is created by fans, for fans. Scraping, republication, monetization, and malicious use prohibited; this site may use cookies and collect identifying information. See terms. The Jeopardy! game show and all elements thereof, including but not limited to copyright and trademark thereto, are the property of Jeopardy Productions, Inc. and are protected under law. This website is not affiliated with, sponsored by, or operated by Jeopardy Productions, Inc. Join the discussion at JBoard.tv.